| 000 | 00394nam a2200145Ia 4500 | ||
|---|---|---|---|
| 008 | 150201s2010 xx 000 0 und d | ||
| 082 |
_a616.0707 _bP2010W |
||
| 100 | _aWADHWAN ,VIJAY | ||
| 245 | _aPRACTICAL MANUAL OF ORAL PATHOLOGY AND MICROBIOLOGY | ||
| 250 | _a1ST | ||
| 260 |
_bQUINTESSENCE PUBLICATION _aCHICAGO _c2010 |
||
| 300 | _a1-168 | ||
| 650 | _aORAL PATHOLOGY | ||
| 942 |
_2ddc _cBK _02 |
||
| 999 |
_c4657 _d4657 |
||